00413 2200169 4500001002100000008004100021035002000062245002200082100001600104260002800120300002600148020002200174084001400196082000800210650001000218990001500228INLIS000000000003290 ind  a0010-1225000111 aLakoncLia Seplia aSeplia, Lia aJakartabGramediac2024 a280 hlmc13,5 x 20 cm a978-602-0679-84-6 a813 LIA l a813 aFiksi a19765/B/26